Экономическая агрессия империализма
| 第一著者: | |
|---|---|
| 要約: | Исключено из фонда НТБ ТПУ |
| 言語: | ロシア語 |
| 出版事項: |
Киев, Политиздат Украины, 1989
|
| フォーマット: | MixedMaterials 図書 |
| KOHA link: | https://koha.lib.tpu.ru/cgi-bin/koha/opac-detail.pl?biblionumber=250773 |
MARC
| LEADER | 00000nam0a2200000 4500 | ||
|---|---|---|---|
| 001 | 250773 | ||
| 005 | 20231031213303.0 | ||
| 010 | |a 5319000642 | ||
| 035 | |a (RuTPU)RU\TPU\book\272998 | ||
| 090 | |a 250773 | ||
| 100 | |a 20140217d1989 m y0rusy50 ca | ||
| 101 | 0 | |a rus | |
| 102 | |a UA | ||
| 105 | |a y z 001zy | ||
| 200 | 1 | |a Экономическая агрессия империализма |f И. Т. Майборода | |
| 210 | |a Киев |c Политиздат Украины |d 1989 | ||
| 215 | |a 214 с. | ||
| 333 | |a Исключено из фонда НТБ ТПУ | ||
| 700 | 1 | |a Майборода |b И. Т. |g Иван Терентьевич | |
| 801 | 1 | |a RU |b 63413507 |c 20140217 | |
| 801 | 2 | |a RU |b 63413507 |c 20220311 |g RCR | |
| 942 | |c BK | ||